[Event "AUTO-OPEN-4220"]
[Site "http://www.queenalice.com/game.php?id=1629817"]
[Date "2020.10.14"]
[Round "1"]
[White "Jorac"]
[Black "aurelianobuendia"]
[Result "1-0"]
[WhiteElo "1761"]
[BlackElo "1431"]

1. e4 e5 2. Nf3 Nc6 3. Bb5 f6 4. O-O a6 5. Bc4 d6 6. c3 Bg4 7. d3 Nh6 8. Bxh6
gxh6 9. Nbd2 Rg8 10. Bxg8 Qe7 11. h3 Bxf3 12. Nxf3 O-O-O 13. Bd5 Bg7 14. Nh4 Na5
15. Qa4 c6 16. Qxa5 cxd5 17. Qxd5 Rd7 18. Nf5 Qf7 19. Nxd6+ Kc7 20. Qxf7 Rxf7
21. Nxf7 Kd7 22. f4 exf4 23. Rxf4 Ke7 24. e5 fxe5 25. Rf5 Bf6 26. Nxh6 b5 27.
Ng8+ Kf7 28. Nxf6 Kg6 29. Raf1 h6 30. Rxe5 a5 31. Ne8 a4 32. Rf6+ 1-0

[Event "AUTO-OPEN-4220"]
[Site "http://www.queenalice.com/game.php?id=1629818"]
[Date "2020.10.14"]
[Round "1"]
[White "aurelianobuendia"]
[Black "Jorac"]
[Result "1-0"]
[WhiteElo "1385"]
[BlackElo "1764"]

1. d4 Nf6 2. Bg5 e6 3. e4 Be7 4. Nc3 O-O 5. Bd3 d6 6. e5 dxe5 7. dxe5 Nfd7 8.
Bxe7 Qxe7 9. Qf3 Nxe5 10. Qh3 Nxd3+ 11. Qxd3 Nc6 12. O-O-O Rd8 13. Qe4 f5 14.
Qf4 b6 15. Nf3 Ba6 16. Rhe1 Rxd1+ 17. Rxd1 b5 18. Nd4 Nxd4 19. Qxd4 b4 20. Na4
e5 21. Qd5+ Kf8 22. Qxa8+ Kf7 23. Qxa7 Be2 24. Rd2 Bb5 25. b3 g5 26. Nc5 e4 27.
Rd5 f4 28. Rxg5 Qxg5 29. Qxc7+ Kg6 30. Nxe4 Qf5 31. Qd6+ Kg7 32. Qd4+ Kh6 33.
Qxb4 Bf1 34. Qd6+ Kg7 35. Nc5 Bxg2 36. Ne6+ Kh8 37. Qd4+ 1-0

[Event "Challenge"]
[Site "http://www.queenalice.com/game.php?id=1633348"]
[Date "2020.11.17"]
[Round "-"]
[White "Jorac"]
[Black "fbg"]
[Result "1-0"]
[WhiteElo "1849"]
[BlackElo "1737"]

1. e4 e5 2. Nf3 Nc6 3. Bb5 Qf6 4. O-O a6 5. Ba4 b5 6. Bb3 Bb7 7. c3 h6 8. d4
exd4 9. cxd4 Na5 10. Bc2 O-O-O 11. b3 d6 12. Bb2 Ne7 13. Nbd2 Ng6 14. a4 bxa4
15. Rxa4 Nc6 16. Nc4 Qe7 17. Qa1 Kd7 18. e5 d5 19. Ne3 Nf4 20. g3 Nh3+ 21. Kg2
Ng5 22. Nh4 Ne4 23. Nxd5 Qe6 24. Bxe4 Ne7 25. Nf6+ gxf6 26. Bxb7 Qxb3 27. Bxa6
Bg7 28. Bc4 Qb7+ 29. f3 fxe5 30. dxe5 Ke8 31. Bc3 Nc6 32. e6 f6 33. Bxf6 Bxf6
34. Qxf6 Rf8 35. Qg6+ Ke7 36. Nf5+ Rxf5 37. Qxf5 Nd4 38. Qf7+ Kd6 39. e7 Nc6 40.
exd8=Q+ Nxd8 41. Rd1+ Kc6 42. Qd5+ Kb6 43. Qb5# 1-0

[Event "AUTO-ADV-4405"]
[Site "http://www.queenalice.com/game.php?id=1636727"]
[Date "2020.12.17"]
[Round "2"]
[White "Artking"]
[Black "Jorac"]
[Result "0-1"]
[WhiteElo "2017"]
[BlackElo "1930"]

1. e4 c5 2. Nf3 d6 3. d4 cxd4 4. Nxd4 Nf6 5. Nc3 e5 6. Ndb5 a6 7. Na3 Be7 8. Bg5
O-O 9. Bxf6 Bxf6 10. h4 Bxh4 11. Qh5 Bxf2+ 12. Kxf2 h6 13. Nd5 Be6 14. c4 f5 15.
Nc2 fxe4+ 16. Ke1 Bxd5 17. cxd5 Qa5+ 18. b4 Qxd5 19. Ne3 Qd4 20. Nc2 Qc3+ 21.
Kd1 Nc6 22. Rb1 Rac8 23. Rb3 Rxf1+ 24. Rxf1 Qc4 25. Ne3 Qd4+ 26. Ke2 Nxb4 27.
Qf7+ Kh8 28. Qxb7 Rc3 29. Qxg7+ Kxg7 30. Nf5+ Kg6 31. Nxd4 Nxa2 32. Rb2 Ra3 33.
Nc2 Ra4 34. Rf8 Nc3+ 35. Kd2 Nb5 36. g4 Kg5 37. Ne3 Nd4 38. Ke1 Ra3 39. Kf2 a5
40. Rb6 Ra2+ 41. Ke1 Re2+ 42. Kf1 Rxe3 43. Rxd6 Rf3+ 44. Rxf3 exf3 45. Ra6 Nb3
46. Ra8 Kxg4 47. Kf2 e4 48. Rg8+ Kf4 49. Rf8+ Ke5 50. Ke3 Nc5 51. Re8+ Kd5 52.
Rh8 a4 53. Rxh6 Kc4 54. Rc6 a3 55. Rc8 a2 56. Ra8 Kb3 57. Rb8+ Ka3 0-1

[Event "AUTO-ADV-4405"]
[Site "http://www.queenalice.com/game.php?id=1636728"]
[Date "2020.12.17"]
[Round "2"]
[White "Jorac"]
[Black "Artking"]
[Result "0-1"]
[WhiteElo "1933"]
[BlackElo "1954"]

1. e4 c5 2. Nf3 d6 3. c3 a6 4. Bd3 Nf6 5. O-O Bg4 6. h3 Bh5 7. Re1 Nbd7 8. Bc2
e6 9. d4 cxd4 10. cxd4 Rc8 11. Nc3 b5 12. a3 Qb6 13. Qd3 Be7 14. e5 Bg6 15. Qe2
dxe5 16. Bxg6 hxg6 17. dxe5 Nh5 18. Be3 Qb8 19. g4 Nxe5 20. gxh5 Rxh5 21. Bf4
Nxf3+ 22. Qxf3 e5 23. Bh2 f6 24. Rad1 Rc4 25. Re4 Qb7 26. Nd5 Rxe4 27. Qxe4 Kf7
28. Nxf6 Qxe4 29. Nxe4 Rxh3 30. Bxe5 Rh4 31. f3 g5 32. Rd7 Ke6 33. Rxe7+ Kxe7
34. Bxg7 Kf7 35. Bf6 Rxe4 36. fxe4 Kxf6 37. Kf2 Ke5 38. Ke3 g4 39. b4 g3 40. Kf3
g2 41. Kxg2 Kxe4 42. Kf2 Kd3 43. Kf3 Kc3 44. Ke4 Kb3 45. Kd4 Kxa3 0-1

[Event "AUTO-ADV-4405"]
[Site "http://www.queenalice.com/game.php?id=1636729"]
[Date "2020.12.17"]
[Round "2"]
[White "MarcosT"]
[Black "Jorac"]
[Result "0-1"]
[WhiteElo "1916"]
[BlackElo "1830"]

1. e4 c5 2. Bc4 e6 3. Nc3 a6 4. a4 Nc6 5. Nf3 d6 6. d4 cxd4 7. Nxd4 Ne5 8. Ba2
Nf6 9. Bg5 Be7 10. O-O O-O 11. h3 h6 12. Bh4 Qb6 13. Rb1 Ng6 14. b4 Nxh4 15. a5
Qc7 16. Qd3 Bd7 17. b5 e5 18. b6 Qd8 19. Nf5 Nxf5 20. exf5 Bc6 21. Nd5 Nxd5 22.
Bxd5 Rc8 23. Bxc6 Rxc6 24. f4 exf4 25. Rxf4 Bf6 26. c4 Rc5 27. Qf3 Re8 28. Qxb7
Rxa5 29. Qc7 Qxc7 30. bxc7 Rc5 31. Rb8 Kf8 32. Re4 Be5 33. Rxe8+ Kxe8 34. Re2
Rxc4 0-1

[Event "AUTO-ADV-4405"]
[Site "http://www.queenalice.com/game.php?id=1636730"]
[Date "2020.12.17"]
[Round "2"]
[White "Jorac"]
[Black "MarcosT"]
[Result "1-0"]
[WhiteElo "1861"]
[BlackElo "1926"]

1. e4 c5 2. Nf3 Nc6 3. c3 Nf6 4. Bd3 d6 5. O-O Bg4 6. h3 Bxf3 7. Qxf3 Ne5 8.
Bb5+ Nfd7 9. Qg3 a6 10. Ba4 b5 11. Bc2 g6 12. f4 Nc6 13. f5 Bg7 14. a4 O-O 15.
axb5 axb5 16. Rxa8 Qxa8 17. d3 Qa7 18. Kh1 Nde5 19. Bg5 b4 20. f6 exf6 21. Bxf6
Bxf6 22. Rxf6 Qa1 23. Rf2 b3 24. Bxb3 Qxb1+ 25. Kh2 Nxd3 26. Rd2 Nde5 27. Bd5
Ra8 28. Rf2 Ra1 29. Qf4 Qg1+ 30. Kg3 Qe1 31. Bxf7+ Kg7 32. Qf6+ Kh6 33. Bd5 Rb1
34. Bxc6 Nxc6 35. Kh4 Qxe4+ 36. g4 1-0

[Event "Joseph Liberia Joseph Zombie "]
[Site "http://www.queenalice.com/game.php?id=1637488"]
[Date "2020.12.24"]
[Round "-"]
[White "Jorac"]
[Black "JOSETEZOMBIE"]
[Result "0-1"]
[WhiteElo "1832"]
[BlackElo "2392"]

1. e4 d5 2. exd5 Nf6 3. Nf3 Nxd5 4. Bc4 Nc6 5. a3 Bg4 6. h3 Bxf3 7. Qxf3 Nd4 8.
Qxd5 Nxc2+ 9. Kd1 Qxd5 10. Bxd5 Nxa1 11. b4 c6 12. Ba2 e6 13. Bb2 a5 14. b5 cxb5
15. Bxa1 Be7 16. g3 O-O 17. Ke2 Rfc8 18. Bb3 a4 19. Bd1 Rc1 0-1

[Event "Liberté"]
[Site "http://www.queenalice.com/game.php?id=1639172"]
[Date "2021.1.7"]
[Round "-"]
[White "Jorac"]
[Black "ulisses34"]
[Result "1-0"]
[WhiteElo "1911"]
[BlackElo "1761"]

1. e4 d6 2. d4 e6 3. Nf3 Be7 4. c4 Bd7 5. Bd3 Bf6 6. Be3 Ne7 7. O-O Nec6 8. Nc3
O-O 9. e5 dxe5 10. dxe5 Nxe5 11. Nxe5 Bxe5 12. Bxh7+ Kxh7 13. Qh5+ Kg8 14. Qxe5
Nc6 15. Qg3 Qf6 16. Qxc7 Ne5 17. Ne4 Qf5 18. Ng3 Qf6 19. b3 Bc6 20. Rad1 Nf3+
21. gxf3 Qxf3 22. Rd5 exd5 23. Qf4 Qe2 24. Nxe2 1-0

[Event "Espère"]
[Site "http://www.queenalice.com/game.php?id=1639173"]
[Date "2021.1.7"]
[Round "-"]
[White "ulisses34"]
[Black "Jorac"]
[Result "0-1"]
[WhiteElo "1772"]
[BlackElo "1892"]

1. e4 c5 2. d4 cxd4 3. Qxd4 Nc6 4. Qc3 d6 5. Bd2 Nf6 6. f3 g6 7. Bb5 Bd7 8. Na3
Bg7 9. Nc4 O-O 10. Bf4 Nxe4 11. Qa3 Nc5 12. O-O-O a6 13. Bxc6 Bxc6 14. Ne2 b5
15. Na5 Bd7 16. Nd4 Na4 17. Qb4 Qb6 18. Be3 Qc7 19. b3 Nc3 20. Qa3 Nxd1 21. Rxd1
Rac8 22. Rd2 Qc3 0-1

[Event "Let's Play Chess!"]
[Site "http://www.queenalice.com/game.php?id=1639174"]
[Date "2021.1.7"]
[Round "-"]
[White "charles31"]
[Black "Jorac"]
[Result "0-1"]
[WhiteElo "1685"]
[BlackElo "1921"]

1. e4 c5 2. a3 d6 3. d4 cxd4 4. Qxd4 Nc6 5. Qd1 Nf6 6. h3 g6 7. Nc3 a6 8. Nf3
Bg7 9. Bc4 O-O 10. Be3 e6 11. Nd4 Qc7 12. Nxc6 Qxc6 13. Bb3 Nxe4 14. Nxe4 Qxe4
15. Qf3 Qxf3 16. gxf3 Bxb2 17. Ra2 Bc3+ 18. Kf1 b5 19. Rg1 d5 20. Ke2 a5 21. Bd2
Bxd2 22. Kxd2 a4 23. Kd3 axb3 24. cxb3 e5 25. h4 Bf5+ 26. Ke3 d4+ 27. Kd2 Rfc8
28. Rg5 Rc3 29. h5 Rxf3 30. Ke2 Rxb3 31. hxg6 fxg6 32. Rg3 Rxg3 0-1

[Event "AUTO-INT-3585"]
[Site "http://www.queenalice.com/game.php?id=1639762"]
[Date "2021.1.13"]
[Round "2"]
[White "Daniel1962"]
[Black "Jorac"]
[Result "1/2-1/2"]
[WhiteElo "1639"]
[BlackElo "1973"]

1. e4 c5 2. Bc4 d6 3. Nf3 e6 4. d4 cxd4 5. Nxd4 Nf6 6. Bg5 Be7 7. f3 O-O 8. Qd3
d5 9. exd5 Nxd5 10. Bxe7 Nxe7 11. Nd2 Bd7 12. Qe4 Nec6 13. Bd3 g6 14. h4 Nxd4
15. Qxd4 e5 16. Qb4 Nc6 17. Qxb7 Rb8 18. Qa6 Rxb2 19. Qa3 Rb4 20. c3 Rxh4 21.
Kf2 Qb6+ 22. Ke2 Rxh1 23. Rxh1 f5 24. Nc4 Qc7 25. Nd6 Ne7 26. Bc4+ Kg7 27. Bb3
f4 28. Ne4 Bb5+ 29. Kf2 Qb6+ 30. Qc5 Qxc5+ 31. Nxc5 Rf6 32. Ne4 Rf8 33. Ng5 Rh8
34. Nf7 Rc8 35. Nxe5 Rxc3 36. Be6 Nf5 37. Bxf5 gxf5 38. Rh5 Rc1 39. g3 Rc2+ 40.
Kg1 fxg3 41. Rxf5 h6 42. Ng4 Bd7 43. Ra5 Rc7 44. Kg2 Bxg4 45. fxg4 Kg6 46. Kxg3
Rb7 47. Kh4 Kf6 48. Kh5 Kg7 49. a4 Rc7 50. Rb5 a6 51. Rd5 Re7 52. Rd6 Re5+ 53.
Kh4 Ra5 54. Rd4 Rc5 55. Rd6 a5 56. Rd4 Kg6 57. Rd6+ Kg7 58. Ra6 Kh7 59. Kg3
1/2-1/2

[Event "AUTO-INT-3585"]
[Site "http://www.queenalice.com/game.php?id=1639763"]
[Date "2021.1.13"]
[Round "2"]
[White "Jorac"]
[Black "Daniel1962"]
[Result "1-0"]
[WhiteElo "1947"]
[BlackElo "1672"]

1. e4 c5 2. Nf3 Nc6 3. c3 e5 4. Bc4 Be7 5. O-O d6 6. d4 exd4 7. cxd4 Nxd4 8. Nc3
Bg4 9. Be2 Nxe2+ 10. Qxe2 Bh4 11. Qb5+ Bd7 12. Qxb7 Bf6 13. Nd5 Rb8 14. Qxa7 Ne7
15. Nc7+ Kf8 16. Nd5 Nc6 17. Qa3 Nd4 18. Nxd4 Bxd4 19. Rb1 Qh4 20. Bf4 Be5 21.
Bxe5 dxe5 22. Qxc5+ Ke8 23. Nc7+ Kd8 24. Qxe5 Rb7 25. Qxg7 Kxc7 26. Qxh8 Qxe4
27. Rbc1+ Bc6 28. f3 Qg6 29. Rfd1 Rb8 30. Qe5+ Kb7 31. Qe7+ Kb6 32. Rd6 Qg8 33.
Rdxc6+ Ka5 34. Qa7+ Kb5 35. R6c5+ Kb4 36. Qa3# 1-0

[Event "AUTO-INT-3585"]
[Site "http://www.queenalice.com/game.php?id=1639766"]
[Date "2021.1.13"]
[Round "2"]
[White "Jorac"]
[Black "jenyasm"]
[Result "1-0"]
[WhiteElo "1928"]
[BlackElo "1658"]

1. e4 e5 2. Nf3 Nc6 3. Bb5 d6 4. c3 a6 5. Ba4 b5 6. Bb3 h6 7. d4 Na5 8. Bc2 Nf6
9. O-O Be7 10. dxe5 dxe5 11. Qxd8+ Bxd8 12. Nxe5 O-O 13. h3 Re8 14. f4 c5 15.
Be3 c4 16. Nd2 Bc7 17. Ndf3 Bb7 18. Rad1 Bxe4 19. Bxe4 Nxe4 20. Rd7 Bxe5 21.
Nxe5 f6 22. Ng6 Ng3 23. Rfd1 Rxe3 24. Kf2 Re2+ 25. Kxg3 Rxb2 26. f5 Nc6 27. R7d6
Rc8 28. Rxc6 Ra8 29. Rxa6 Re8 30. Re1 Kf7 31. Ra7+ Kg8 32. Rxe8+ 1-0

[Event "AUTO-INT-3585"]
[Site "http://www.queenalice.com/game.php?id=1639767"]
[Date "2021.1.13"]
[Round "2"]
[White "jenyasm"]
[Black "Jorac"]
[Result "0-1"]
[WhiteElo "1653"]
[BlackElo "1918"]

1. e4 c5 2. Nf3 d6 3. d4 cxd4 4. Nxd4 Nf6 5. Bd3 e5 6. Nf3 Be7 7. O-O O-O 8. h3
Nc6 9. Re1 h6 10. b3 a6 11. Bb2 Be6 12. Nbd2 Qd7 13. c4 Rac8 14. Bc3 Nh7 15. b4
f5 16. exf5 Bxf5 17. Bxf5 Rxf5 18. a4 Rcf8 19. b5 Nb8 20. Bb4 Ng5 21. Re3 Rf4
22. Rc1 axb5 23. axb5 Qf5 24. Rcc3 Nxf3+ 25. Nxf3 Rd8 26. Kh2 Qg6 27. Rcd3 e4
28. Rd4 exf3 29. Rxf3 Rxd4 30. Qxd4 Bf6 31. Qd5+ Qf7 32. Qxf7+ Kxf7 33. Bc3 Nd7
34. Bb4 Ne5 35. Rf4 Nd3 0-1

[Event "AUTO-ADV-4410"]
[Site "http://www.queenalice.com/game.php?id=1643488"]
[Date "2021.2.13"]
[Round "2"]
[White "mvson33"]
[Black "Jorac"]
[Result "0-1"]
[WhiteElo "1750"]
[BlackElo "1954"]

1. d4 Nf6 2. Nf3 g6 3. Bf4 Bg7 4. e3 d5 5. h3 O-O 6. c4 c6 7. cxd5 Nxd5 8. Bh2
Nd7 9. Nbd2 Re8 10. Bc4 N7b6 11. Bb3 e5 12. Nxe5 Be6 13. Ndf3 f6 14. Nd3 Kh8 15.
O-O Rc8 16. Rc1 Nd7 17. Nc5 Nxc5 18. dxc5 b6 19. cxb6 axb6 20. Nd4 Bd7 21. Qd2
c5 22. Nf3 Nb4 23. Rfd1 Bb5 24. Qxd8 Rcxd8 25. Bc7 Rxd1+ 26. Rxd1 Be2 27. Re1
Bxf3 28. gxf3 b5 29. Bd6 Nd3 30. Rb1 c4 31. Bc2 Rd8 32. Bc7 Rd7 33. Bg3 f5 34.
Bxd3 Rxd3 35. Kf1 Rd2 36. Ke1 Rxb2 37. Rxb2 Bxb2 38. Kd2 b4 39. Kc2 Ba3 40. Bd6
Kg7 41. Be5+ Kf7 42. e4 Ke6 43. Bh8 h6 44. Bg7 h5 45. Bd4 g5 46. Bg7 b3+ 47.
axb3 cxb3+ 48. Kxb3 Bc5 49. Kc4 Bxf2 50. exf5+ Kxf5 0-1

[Event "AUTO-ADV-4410"]
[Site "http://www.queenalice.com/game.php?id=1643489"]
[Date "2021.2.13"]
[Round "2"]
[White "Jorac"]
[Black "mvson33"]
[Result "1-0"]
[WhiteElo "1952"]
[BlackElo "1877"]

1. e4 c5 2. Nf3 Nc6 3. c3 d6 4. Bd3 Nf6 5. O-O g6 6. Re1 Bg7 7. Bc2 O-O 8. d4
cxd4 9. cxd4 Bg4 10. Be3 Qc7 11. Nc3 Rac8 12. Rc1 Qd7 13. Ba4 Qc7 14. Nd5 Qd7
15. Nxf6+ Bxf6 16. d5 Ne5 17. Bxd7 1-0

[Event "AUTO-ADV-4410"]
[Site "http://www.queenalice.com/game.php?id=1643492"]
[Date "2021.2.13"]
[Round "2"]
[White "holandes"]
[Black "Jorac"]
[Result "1-0"]
[WhiteElo "1778"]
[BlackElo "1962"]

1. e4 c5 2. Bc4 a6 3. a3 Nc6 4. Nf3 e6 5. O-O d5 6. exd5 exd5 7. Bb3 Nf6 8. d3
Be7 9. Re1 O-O 10. Nc3 Bg4 11. h3 Bxf3 12. Qxf3 Nd4 13. Qg3 Nxb3 14. cxb3 Bd6
15. Qg5 h6 16. Qh4 Qb6 17. b4 cxb4 18. Be3 Bc5 19. Na4 Qb5 20. Nxc5 bxa3 21.
bxa3 b6 22. a4 Qc6 23. Nb3 Qc3 24. Qg3 Qxd3 25. Nd4 Ne4 26. Qe5 Nf6 27. Rad1 Qg6
28. f4 Rfe8 29. Qd6 b5 30. axb5 axb5 31. Nxb5 Rad8 32. Qc5 Re4 33. Qc7 Rde8 34.
Nd6 R4e7 35. Qc6 Re6 36. f5 Qxf5 37. Qxe8+ Rxe8 38. Nxf5 Re5 39. Nh4 Re6 40. Nf3
Re4 41. Nd2 Rb4 42. Bc5 Rb5 43. Be7 Nh5 44. Nf3 Ng3 45. Bh4 Nf5 46. Bf2 f6 47.
g4 Nd6 48. Nd4 Rb2 49. Ne2 1-0

[Event "AUTO-ADV-4410"]
[Site "http://www.queenalice.com/game.php?id=1643493"]
[Date "2021.2.13"]
[Round "2"]
[White "Jorac"]
[Black "holandes"]
[Result "1-0"]
[WhiteElo "1965"]
[BlackElo "1853"]

1. e4 e5 2. Nf3 Nc6 3. Bb5 Nge7 4. c3 a6 5. Ba4 b5 6. Bb3 h6 7. d4 exd4 8. cxd4
d6 9. O-O Bg4 10. Be3 Ng6 11. Nc3 Nce7 12. a4 b4 13. Na2 a5 14. Nc1 Nc8 15. h3
Bd7 16. e5 Be7 17. Qd3 dxe5 18. dxe5 O-O 19. Qxg6 Rb8 20. Bxh6 1-0

[Event "AUTO-ADV-4410"]
[Site "http://www.queenalice.com/game.php?id=1643494"]
[Date "2021.2.13"]
[Round "2"]
[White "mascarade"]
[Black "Jorac"]
[Result "1-0"]
[WhiteElo "2272"]
[BlackElo "1977"]

1. Nf3 Nf6 2. d4 g6 3. e3 Bg7 4. c4 O-O 5. Bd3 d6 6. d5 c6 7. O-O cxd5 8. cxd5
b6 9. e4 e6 10. dxe6 fxe6 11. Qb3 Bd7 12. Bf4 Kh8 13. Bxd6 Re8 14. e5 Ng4 15. h3
Nh6 16. Na3 Bc6 17. Bb5 Nf5 18. Bxc6 Nxc6 19. Rad1 Nxd6 20. exd6 Na5 21. Qc2 Qd7
22. b4 Rac8 23. Qe4 e5 24. bxa5 Rc5 25. axb6 axb6 26. Nc4 b5 27. Nb6 Qd8 28. d7
Rf8 29. Rd6 Rf6 30. Qh4 Rf8 31. Qxd8 Rxd8 32. Ng5 1-0

[Event "AUTO-ADV-4410"]
[Site "http://www.queenalice.com/game.php?id=1643495"]
[Date "2021.2.13"]
[Round "2"]
[White "Jorac"]
[Black "mascarade"]
[Result "0-1"]
[WhiteElo "1960"]
[BlackElo "2212"]

1. e4 e5 2. Nf3 Nc6 3. c3 d6 4. Bc4 h6 5. O-O Nf6 6. Re1 a6 7. d4 Na5 8. Qa4+
Nc6 9. d5 Bd7 10. dxc6 Bxc6 11. Qb3 Qe7 12. Nbd2 g6 13. Qc2 Bg7 14. Nf1 O-O 15.
Ng3 Rae8 16. h3 Kh7 17. a4 Nxe4 18. Nxe4 d5 19. Ng3 dxc4 20. Nh5 e4 21. Nxg7
Kxg7 22. Nd4 Bd7 23. Bf4 c5 24. Nf3 g5 25. Bg3 f5 26. Rad1 f4 27. Bh2 Bf5 28.
Qe2 Qf7 29. Nd2 b5 30. b3 cxb3 31. axb5 e3 32. fxe3 Rxe3 33. Qf2 Rfe8 34. bxa6
Qe6 35. Nf3 Qxa6 36. g4 Bc2 37. Rd7+ Kf6 38. Qd2 Rxe1+ 39. Nxe1 Qe2 40. Rd6+ Kg7
41. Rd7+ Kh8 42. Qxe2 Rxe2 43. Nf3 b2 44. Kf1 Rxh2 0-1

[Event "AUTO-OPEN-4220"]
[Site "http://www.queenalice.com/game.php?id=1649456"]
[Date "2021.4.12"]
[Round "2"]
[White "Jorac"]
[Black "GaryK"]
[Result "0-1"]
[WhiteElo "1894"]
[BlackElo "1825"]

1. e4 c5 2. Nf3 d6 3. c3 Nf6 4. Bd3 Nc6 5. O-O Bg4 6. Re1 e6 7. h3 Bh5 8. Bc2
Be7 9. d4 Bxf3 10. gxf3 d5 11. e5 Nh5 12. f4 g6 13. Be3 Qb6 14. b3 a5 15. Nd2
Nxd4 16. cxd4 cxd4 17. Nc4 dxc4 18. Bxd4 Bc5 19. Bxc5 Qxc5 20. bxc4 O-O 21. Re4
Rad8 22. Qe2 Ng3 23. Qf3 Nxe4 24. Qxe4 Rd2 25. Rf1 b5 26. Bb3 a4 27. Bd1 Rfd8
28. Be2 Qd4 29. Qxd4 R8xd4 30. Re1 b4 31. Kf1 Rxa2 32. Rc1 b3 0-1

[Event "AUTO-OPEN-4220"]
[Site "http://www.queenalice.com/game.php?id=1649457"]
[Date "2021.4.12"]
[Round "2"]
[White "GaryK"]
[Black "Jorac"]
[Result "1-0"]
[WhiteElo "1727"]
[BlackElo "1928"]

1. e4 c5 2. Nf3 Nc6 3. Bb5 d6 4. O-O Bd7 5. Re1 Qc7 6. c3 e5 7. d4 cxd4 8. cxd4
Nf6 9. Nc3 Be7 10. Nd5 Nxd5 11. exd5 Nb8 12. Bd3 Bf6 13. Bg5 Bxg5 14. Nxg5 h6
15. Rc1 Qd8 16. Nh7 g6 17. dxe5 Rxh7 18. e6 fxe6 19. Bxg6+ Kf8 20. Qf3+ Kg8 21.
Bxh7+ Kxh7 22. dxe6 1-0

[Event "AUTO-OPEN-4220"]
[Site "http://www.queenalice.com/game.php?id=1649458"]
[Date "2021.4.12"]
[Round "2"]
[White "Jorac"]
[Black "niclep"]
[Result "0-1"]
[WhiteElo "1939"]
[BlackElo "2076"]

1. e4 e5 2. Nf3 Nc6 3. Bb5 Nge7 4. c3 a6 5. Ba4 b5 6. Bb3 Ng6 7. d4 Bb7 8. d5
Na7 9. O-O h6 10. Re1 c6 11. Be3 cxd5 12. h3 dxe4 13. Nh2 d5 14. f3 exf3 15.
Nxf3 Nc8 16. Bf2 e4 17. Bd4 Qc7 18. Nbd2 Bc5 19. Rc1 O-O 20. Nh2 Nd6 21. Ng4
Bxd4+ 22. cxd4 Qb6 23. Rc5 Rac8 24. Qc2 Nf5 0-1

[Event "AUTO-OPEN-4220"]
[Site "http://www.queenalice.com/game.php?id=1649459"]
[Date "2021.4.12"]
[Round "2"]
[White "niclep"]
[Black "Jorac"]
[Result "1-0"]
[WhiteElo "2048"]
[BlackElo "1904"]

1. e4 c5 2. c4 e5 3. d3 Nc6 4. Nf3 Be7 5. Be3 Nf6 6. Be2 O-O 7. h3 Nd4 8. Nxe5
d6 9. Nf3 Nc6 10. O-O Nd7 11. Nbd2 f5 12. exf5 Rxf5 13. Nh2 Nde5 14. f4 Ng6 15.
Ne4 d5 16. Ng3 Rf8 17. b3 d4 18. Bd2 Bh4 19. Ne4 b6 20. Bg4 a5 21. g3 Be7 22.
Rf2 Nb4 23. Bxb4 axb4 24. Qd2 Ra3 25. Raf1 Bxg4 26. Nxg4 Qd7 27. f5 Nh4 28. gxh4
Bxh4 29. Rg2 Kh8 30. Qf4 Qd8 31. Ne5 Bf6 32. Rf3 Qc7 33. Ng4 Qa7 34. Rff2 Bh4
35. Re2 Qd7 36. Ne5 Qd8 37. Nc6 Qd7 38. Nxb4 cxb4 39. Qxh4 Qxf5 40. Rgf2 Qg6+
41. Kh1 Raa8 42. Rxf8+ Rxf8 43. Rg2 Qe8 44. Qg3 g6 45. Rf2 Rf5 46. Rxf5 gxf5 47.
Nd6 Qc6+ 48. Kh2 Qd7 49. Qe5+ Kg8 50. Qd5+ Kf8 51. Nxf5 Qxd5 52. cxd5 1-0